| 000 | 00494nam a2200169Ia 4500 | ||
|---|---|---|---|
| 999 |
_c2662 _d2662 |
||
| 008 | 200103s ||||xx |||||||||||||| ||und|| | ||
| 082 |
_a623.89 _bDUB |
||
| 100 | _aDubey, Binoy Kumar | ||
| 245 | 0 | _aIce navigation: managing cold climate risks | |
| 260 |
_bAnanya Publications _aMumbai _c? |
||
| 300 |
_a91 p. col. ill. _bIncludes annexure |
||
| 504 | _aIncludes annexure | ||
| 650 | _aIce physics & ice formation | ||
| 650 | _aIce seamanship | ||
| 650 | _aCrew protection | ||
| 942 | _cRT | ||